00537cam a22002291 4500001001300000003000400013005001700017008004100034010001700075025001800092035002000110040002100130042001200151050002000163100002000183245002200203260001100225300001900236500001600255500001900271999001700290sa 63002587 DLC20260227111934.0941121s1962 ii 000 1 beno  asa 63002587  aPL480:I-B-320 a(OCoLC)31495319 aDLCcCUdCUdDLC apremarc00aPK1718.B377bS91 aBasu, Ramapati.10aŚveta karabī. c[1962] a128 p.c23 cm. aIn Bengali. aShort stories. c54537d54537